[Event "Ïåðâåíñòâî Ìîñêâû "]
[Site "ÐœÐ¾Ñ�ÐºÐ²Ð°"]
[Date "2017.11.18"]
[Round "8.21"]
[White "Zagorskii, Artem"]
[Black "Karlov, Egor"]
[Result "1-0"]
[WhiteElo "1612"]
[BlackElo "1857"]
[PlyCount "63"]
[EventDate "2017.11.11"]

1. e4 c5 2. Nf3 d6 3. d4 cxd4 4. Nxd4 Nf6 5. Nc3 g6 6. Be3 Bg7 7. f3 O-O 8. Qd2
Nc6 9. g4 Nxd4 10. Bxd4 Be6 11. Nd5 Nxd5 12. Bxg7 Kxg7 13. exd5 Bd7 14. h4 e6
15. h5 Qe7 16. O-O-O e5 17. Bd3 Rac8 18. Rh2 Rh8 19. Rdh1 Qf6 20. Be4 Bb5 21.
Rh4 Ba4 22. g5 Qe7 23. Qh2 Qxg5+ 24. Kb1 Qd8 25. hxg6 hxg6 26. Rh7+ Rxh7 27.
Qxh7+ Kf6 28. Qh4+ Kg7 29. Qh6+ Kf6 30. Rg1 Be8 31. Qf8 g5 32. Rh1 1-0

[Event "Ïåðâåíñòâî Ìîñêâû "]
[Site "ÐœÐ¾Ñ�ÐºÐ²Ð°"]
[Date "2017.11.18"]
[Round "8.22"]
[White "Morozov, Fedor"]
[Black "Nikulshin, Alexey"]
[Result "0-1"]
[WhiteElo "1607"]
[BlackElo "1437"]
[PlyCount "58"]
[EventDate "2017.11.11"]

1. e4 e6 2. d4 d5 3. exd5 exd5 4. Bd3 Bd6 5. Nf3 Nf6 6. O-O O-O 7. Bg5 h6 8.
Bh4 Bg4 9. h3 Bh5 10. Nbd2 Nbd7 11. c3 c6 12. Qc2 Bxf3 13. Nxf3 Qc7 14. Bxf6
Nxf6 15. Rfe1 Rfe8 16. b3 Rad8 17. Rad1 b6 18. Bf5 g6 19. Bd3 Kg7 20. Nh4 Kg8
21. Nf3 Kg7 22. Nh4 Kg8 23. Rxe8+ Rxe8 24. Bxg6 fxg6 25. Qxg6+ Qg7 26. Qxg7+
Kxg7 27. Nf5+ Kg6 28. Nxd6 Rd8 29. Nc4 dxc4 0-1

[Event "Ïåðâåíñòâî Ìîñêâû "]
[Site "ÐœÐ¾Ñ�ÐºÐ²Ð°"]
[Date "2017.11.18"]
[Round "8.23"]
[White "Pavlov, Ivan"]
[Black "Zurabian, Vage"]
[Result "0-1"]
[WhiteElo "1494"]
[BlackElo "1596"]
[PlyCount "94"]
[EventDate "2017.11.11"]

1. e4 c5 2. c3 d6 3. d4 Nf6 4. Bd3 g6 5. Nf3 Bg7 6. O-O O-O 7. h3 a6 8. a3 b5
9. b4 Nbd7 10. Be3 Qc7 11. Nbd2 Bb7 12. Qb1 e5 13. d5 Nh5 14. Nh2 Nf4 15. Rc1
Nxd3 16. Qxd3 f5 17. f3 c4 18. Qe2 Nb6 19. Ndf1 f4 20. Bf2 Na4 21. Bh4 h6 22.
Be1 g5 23. Ng4 h5 24. Nf2 Qb6 25. Kh1 Rae8 26. Bd2 Bf6 27. Nh2 Bc8 28. Be1 Rf7
29. Bd2 Ree7 30. Ra2 Rh7 31. Kg1 Reg7 32. Kf1 g4 33. hxg4 hxg4 34. Nhxg4 Bxg4
35. fxg4 Bh4 36. Nh3 Bg3 37. Qf3 Qa7 38. Be1 Rh4 39. g5 Bxe1 40. Kxe1 Qd7 41.
Re2 Rg4 42. Kd2 Rg3 43. Qh5 f3 44. Rf2 fxg2 45. Ng1 R3xg5 46. Qh3 Rh7 47. Rf8+
Kxf8 {íå ïîíÿòíî} 0-1

[Event "Ïåðâåíñòâî Ìîñêâû "]
[Site "ÐœÐ¾Ñ�ÐºÐ²Ð°"]
[Date "2017.11.18"]
[Round "8.24"]
[White "Shekun, Ilya"]
[Black "Khromov, Pavel"]
[Result "1/2-1/2"]
[WhiteElo "1194"]
[BlackElo "1368"]
[PlyCount "57"]
[EventDate "2017.11.11"]

1. d4 Nf6 2. c4 e6 3. Nf3 d5 4. g3 c6 5. Qc2 Bd6 6. c5 Be7 7. Ne5 Nbd7 8. Nxd7
Bxd7 9. Bg2 b6 10. b4 a5 11. Bd2 axb4 12. Bxb4 bxc5 13. dxc5 O-O 14. a3 Qc7 15.
O-O Rab8 16. Nd2 e5 17. Rac1 Be6 18. Nf3 Nd7 19. e3 Rb5 20. Rfe1 h6 21. Bf1
Rfb8 22. h3 Re8 23. Kg2 Nb8 24. Nd2 Qd7 25. Kh2 Na6 26. Nf3 Nxb4 27. axb4 Qc7
28. Ra1 Reb8 29. Ra4 {íå ïîíÿòíî} 1/2-1/2

[Event "Ïåðâåíñòâî Ìîñêâû "]
[Site "ÐœÐ¾Ñ�ÐºÐ²Ð°"]
[Date "2017.11.18"]
[Round "8.25"]
[White "Gornostaev, Yakov"]
[Black "Sakhin, Leonid"]
[Result "0-1"]
[WhiteElo "1570"]
[BlackElo "1579"]
[PlyCount "70"]
[EventDate "2017.11.11"]

1. d4 e6 2. c4 d5 3. Nc3 Nf6 4. Nf3 Nbd7 5. Bg5 Be7 6. e3 O-O 7. Bd3 b6 8. O-O
Bb7 9. Rc1 Rc8 10. cxd5 Nxd5 11. Bxe7 Nxe7 12. Re1 c5 13. e4 cxd4 14. Nxd4 Nc5
15. Bb1 Ng6 16. Ndb5 a6 17. Nd6 Rc7 18. Nxb7 Rxb7 19. Qe2 Rd7 20. Rcd1 Rxd1 21.
Rxd1 Qf6 22. g3 b5 23. Qe3 Rc8 24. Rc1 Qe7 25. Nxb5 axb5 26. b4 Qd7 27. bxc5
Ne5 28. Qe2 g6 29. Kg2 Kf8 30. Qb2 Nc4 31. Qh8+ Ke7 32. Qxh7 Rxc5 33. Qg7 Ne3+
34. fxe3 Qd2+ 35. Kf3 Rxc1 0-1

[Event "Ïåðâåíñòâî Ìîñêâû "]
[Site "ÐœÐ¾Ñ�ÐºÐ²Ð°"]
[Date "2017.11.18"]
[Round "8.26"]
[White "Kozhevnikov, Aleksandr"]
[Black "Ratataev, Ilya"]
[Result "0-1"]
[WhiteElo "1315"]
[BlackElo "1453"]
[PlyCount "65"]
[EventDate "2017.11.11"]

1. d4 d5 2. c4 c6 3. Nf3 Nf6 4. Nc3 e6 5. Bg5 Be7 6. e3 Nbd7 7. cxd5 cxd5 8.
Bd3 h6 9. Bh4 O-O 10. O-O a6 11. Qe2 b5 12. a3 Bb7 13. Rac1 Rc8 14. Rfd1 Nb6
15. Ne5 Nc4 16. f4 Nd7 17. Bxe7 Qxe7 18. Nxc4 bxc4 19. Bb1 f5 20. Rf1 Rf6 21.
Rf3 Rg6 22. Rg3 Rxg3 23. hxg3 Nf6 24. Nd1 h5 25. Rc3 Rb8 26. Nf2 g6 27. b4 Bc6
28. Qd2 Qb7 29. Ba2 Qe7 30. Bxc4 dxc4 31. Rxc4 Re8 32. Nd3 Nd7 33. a4 {
íå ïîíÿòíî} 0-1

[Event "Ïåðâåíñòâî Ìîñêâû "]
[Site "ÐœÐ¾Ñ�ÐºÐ²Ð°"]
[Date "2017.11.19"]
[Round "9.7"]
[White "Tarasov, Danila"]
[Black "Ivlev, Aleksandr"]
[Result "1/2-1/2"]
[WhiteElo "1853"]
[BlackElo "1716"]
[PlyCount "80"]
[EventDate "2017.11.11"]

1. e4 d6 2. d4 Nf6 3. Nc3 g6 4. Be3 Bg7 5. Qd2 h5 6. f3 Nc6 7. O-O-O e6 8. Be2
Qe7 9. Kb1 Bd7 10. Nh3 O-O-O 11. Rhe1 Kb8 12. Bf1 Bc8 13. d5 Ne5 14. Bxa7+ Kxa7
15. Nb5+ Kb6 16. Qd4+ c5 17. Qa4 Nc6 18. dxc6 bxc6 19. Na3 d5 20. Re3 Bb7 21.
Rb3+ Kc7 22. e5 Ra8 23. exf6 Bxf6 24. Qf4+ e5 25. Qg3 Ba6 26. Qf2 Bxf1 27. Rxf1
Rab8 28. Qd2 c4 29. Rxb8 Rxb8 30. Qa5+ Kd6 31. Rd1 Ke6 32. c3 Qb7 33. Rd2 Be7
34. Nxc4 dxc4 35. Qa4 Qb5 36. Qd1 Ra8 37. Qe2 Qa4 38. a3 Qb5 39. Kc1 Rb8 40. f4
f6 1/2-1/2

[Event "Ïåðâåíñòâî Ìîñêâû "]
[Site "ÐœÐ¾Ñ�ÐºÐ²Ð°"]
[Date "2017.11.19"]
[Round "9.8"]
[White "Lukyanenko, Artemiy"]
[Black "Pak, Nikita"]
[Result "1-0"]
[WhiteElo "1754"]
[BlackElo "1710"]
[PlyCount "65"]
[EventDate "2017.11.11"]

1. d4 Nf6 2. Nf3 g6 3. Nc3 Bg7 4. e4 d6 5. Be3 O-O 6. Qd2 Re8 7. Be2 c6 8. h3
Qc7 9. O-O b5 10. Bd3 Nbd7 11. a4 b4 12. Ne2 c5 13. b3 a5 14. Rac1 Ba6 15. c3
Qb7 16. cxb4 cxb4 17. Ng3 d5 18. Bxa6 Rxa6 19. e5 Ne4 20. Qd3 f6 21. Nxe4 dxe4
22. Qc4+ Kh8 23. Nd2 fxe5 24. Nxe4 Nb6 25. Qb5 Raa8 26. Nc5 Qb8 27. Ne6 Rc8 28.
Nxg7 Kxg7 29. dxe5 Rxc1 30. Rxc1 Nc8 31. Qd7 Kf7 32. e6+ Kg7 33. Qd4+ 1-0

[Event "Ïåðâåíñòâî Ìîñêâû "]
[Site "ÐœÐ¾Ñ�ÐºÐ²Ð°"]
[Date "2017.11.19"]
[Round "9.9"]
[White "Lutan, Gleb"]
[Black "Zhuk, Kirill"]
[Result "1/2-1/2"]
[WhiteElo "1599"]
[BlackElo "2035"]
[PlyCount "91"]
[EventDate "2017.11.11"]

1. c4 e6 2. d4 d5 3. Nc3 Nf6 4. Bg5 Be7 5. e3 O-O 6. Nf3 h6 7. Bh4 Nbd7 8. Rc1
a6 9. cxd5 exd5 10. Ne5 c6 11. Nxd7 Bxd7 12. Bd3 Ne8 13. Bxe7 Qxe7 14. O-O Nd6
15. Na4 Bf5 16. Nc5 Bxd3 17. Qxd3 Rae8 18. Rfe1 Kh8 19. a4 f5 20. f3 g5 21. b3
Kg7 22. Re2 Qf7 23. Rf1 Re7 24. Rff2 Qg6 25. Qc2 Rfe8 26. Nd3 Nf7 27. Qd2 h5
28. Rf1 h4 29. f4 g4 30. Ne5 Qf6 31. b4 Nd6 32. Rfe1 Ra8 33. Rb1 Rc7 34. a5 Rh8
35. Qc2 h3 36. g3 Rhc8 37. Qa2 Ne4 38. Rc2 Kf8 39. Rbc1 Qd6 40. Qb3 Kg8 41. Qb2
Qe7 42. Qb3 Nd6 43. Rc5 Nb5 44. Qd3 Nd6 45. Qb1 Qe8 46. Qd3 1/2-1/2

[Event "Ïåðâåíñòâî Ìîñêâû "]
[Site "ÐœÐ¾Ñ�ÐºÐ²Ð°"]
[Date "2017.11.19"]
[Round "9.10"]
[White "Smelykh, Edvin"]
[Black "Kirchei, Viktoriia"]
[Result "1/2-1/2"]
[WhiteElo "1861"]
[BlackElo "1808"]
[PlyCount "77"]
[EventDate "2017.11.11"]

1. e4 c5 2. Nf3 Nc6 3. d4 cxd4 4. Nxd4 g6 5. Nxc6 bxc6 6. Qd4 Nf6 7. e5 Nd5 8.
e6 f6 9. exd7+ Bxd7 10. Bd3 e5 11. Qh4 Bg7 12. O-O O-O 13. Rd1 Qc7 14. Bc4 Be6
15. Nc3 Rad8 16. Be3 Kh8 17. Bc5 Rfe8 18. Ba3 f5 19. Qg3 f4 20. Qf3 Nxc3 21.
Rxd8 Rxd8 22. Bxe6 e4 23. Qg4 Nb5 24. Bb4 Bxb2 25. Re1 c5 26. Rb1 cxb4 27. Rxb2
Qc3 28. Rb1 Qxc2 29. Rf1 Qc7 30. Qg5 Rb8 31. Rd1 Qc3 32. Rd8+ Rxd8 33. Qxd8+
Kg7 34. Qe7+ Kh6 35. Qh4+ Kg7 36. Qe7+ Kh6 37. Qh4+ Kg7 38. Qe7+ Kh6 39. Qh4+
1/2-1/2

[Event "Ïåðâåíñòâî Ìîñêâû "]
[Site "ÐœÐ¾Ñ�ÐºÐ²Ð°"]
[Date "2017.11.19"]
[Round "9.11"]
[White "Agabekov, Saveliy"]
[Black "Arbuzov, Timofey"]
[Result "1/2-1/2"]
[WhiteElo "1830"]
[BlackElo "1658"]
[PlyCount "81"]
[EventDate "2017.11.11"]

1. d4 d5 2. Nf3 Nf6 3. e3 c6 4. Be2 Bf5 5. O-O e6 6. b3 Bd6 7. Bb2 Nbd7 8. Ne5
h6 9. f4 Bxe5 10. dxe5 Ne4 11. Nd2 O-O 12. Nxe4 Bxe4 13. Bd3 Qb6 14. Qe2 Bxd3
15. cxd3 c5 16. d4 Rac8 17. Rac1 Rc6 18. dxc5 Nxc5 19. Bd4 Rfc8 20. Rc2 Qa5 21.
Rfc1 Ne4 22. Rxc6 Rxc6 23. Rxc6 bxc6 24. h3 c5 25. Ba1 Qb4 26. Kh2 a5 27. Bb2
a4 28. f5 axb3 29. fxe6 fxe6 30. Qg4 Kf7 31. Qh5+ Ke7 32. Qg6 Kd7 33. Qf7+ Kc6
34. a4 Ng5 35. Qe8+ Kc7 36. Qe7+ Kc8 37. Qe8+ Kc7 38. Qe7+ Kc8 39. Qe8+ Kc7 40.
Qe7+ Kc8 41. Qe8+ 1/2-1/2

[Event "Ïåðâåíñòâî Ìîñêâû "]
[Site "ÐœÐ¾Ñ�ÐºÐ²Ð°"]
[Date "2017.11.19"]
[Round "9.12"]
[White "Zlotin, Grigori"]
[Black "Kurus, Artem"]
[Result "1-0"]
[WhiteElo "1479"]
[BlackElo "1829"]
[PlyCount "69"]
[EventDate "2017.11.11"]

1. d4 Nf6 2. c4 e6 3. Nc3 d5 4. Bg5 Be7 5. e3 O-O 6. Nf3 b6 7. Bd3 dxc4 8. Bxc4
Bb7 9. O-O h6 10. Bf4 c5 11. Qd2 Bxf3 12. gxf3 cxd4 13. exd4 Nd5 14. Nxd5 exd5
15. Bd3 f5 16. Be5 Nc6 17. f4 a6 18. a3 Na5 19. Qd1 g6 20. Rc1 Bd6 21. b4 Nb7
22. Kh1 Qd7 23. Rg1 Kh7 24. Qf3 Bxe5 25. fxe5 Nd8 26. Bc4 dxc4 27. Qxa8 Qxd4
28. Qg2 Rg8 29. f4 Ne6 30. Rcd1 Qxf4 31. Rd7+ Kh8 32. Qb7 Nf8 33. Re7 c3 34.
Qc6 Qe3 35. Qf6+ 1-0

[Event "Ïåðâåíñòâî Ìîñêâû "]
[Site "ÐœÐ¾Ñ�ÐºÐ²Ð°"]
[Date "2017.11.19"]
[Round "9.13"]
[White "Vinokur, Leonid"]
[Black "Soloviev, Vladislav"]
[Result "0-1"]
[WhiteElo "1703"]
[BlackElo "1892"]
[PlyCount "53"]
[EventDate "2017.11.11"]

1. d4 Nf6 2. Nf3 g6 3. g3 Bg7 4. Bg2 O-O 5. O-O d6 6. c4 c5 7. Nc3 Nc6 8. d5
Na5 9. Nd2 a6 10. e4 Rb8 11. Qe2 b5 12. cxb5 axb5 13. Nxb5 Ba6 14. a4 Qd7 15.
Re1 Bxb5 16. axb5 Rxb5 17. Bf1 Nb3 18. Nxb3 Rxb3 19. Qa6 Rfb8 20. Bc4 R3b6 21.
Qa7 Qh3 22. Bf1 Qd7 23. Bc4 R6b7 24. Qa6 Ng4 25. Rb1 Ra7 26. Qc6 Qd8 27. Ba6 {
íå ïîíÿòíî} 0-1

[Event "Ïåðâåíñòâî Ìîñêâû "]
[Site "ÐœÐ¾Ñ�ÐºÐ²Ð°"]
[Date "2017.11.19"]
[Round "9.14"]
[White "Kireev, Igor"]
[Black "Levkin, Lev"]
[Result "1/2-1/2"]
[WhiteElo "1707"]
[BlackElo "1812"]
[PlyCount "73"]
[EventDate "2017.11.11"]

1. e4 c5 2. Nf3 Nc6 3. d4 cxd4 4. Nxd4 Nf6 5. Nc3 e5 6. Ndb5 d6 7. Bg5 a6 8.
Bxf6 gxf6 9. Na3 b5 10. Nd5 Bg7 11. c3 O-O 12. Bd3 Ne7 13. Nxe7+ Qxe7 14. Nc2
Bb7 15. Ne3 Qe6 16. O-O Rad8 17. Qh5 Kh8 18. Bc2 Bc8 19. Bb3 Qe8 20. Rad1 Be6
21. Bd5 Rg8 22. Nf5 Bf8 23. h4 Rg6 24. Rfe1 Qd7 25. Re3 Bxf5 26. exf5 Rh6 27.
Qg4 Rg6 28. Qe4 Rg7 29. Red3 Be7 30. Rg3 Rdg8 31. Kh2 Qa7 32. Qe3 Qd7 33. Qe4
Qa7 34. Qe3 Qd7 35. Qe4 Qa7 36. Qe3 Qd7 37. Qe4 1/2-1/2

[Event "Ïåðâåíñòâî Ìîñêâû "]
[Site "ÐœÐ¾Ñ�ÐºÐ²Ð°"]
[Date "2017.11.19"]
[Round "9.15"]
[White "Drobin, Maxim"]
[Black "Makhauri, Eli"]
[Result "1/2-1/2"]
[WhiteElo "1634"]
[BlackElo "1719"]
[PlyCount "84"]
[EventDate "2017.11.11"]

1. e4 g6 2. d4 Bg7 3. Nf3 d5 4. exd5 Qxd5 5. c4 Qd8 6. Nc3 Nf6 7. h3 O-O 8. Be3
Nbd7 9. Qd2 c6 10. Bh6 Re8 11. O-O-O Bh8 12. h4 Ng4 13. Bf4 Qa5 14. h5 e5 15.
hxg6 hxg6 16. Nxe5 Ndxe5 17. dxe5 Nxe5 18. Bh6 Bf5 19. Bf8 Ng4 20. Rxh8+ Kxh8
21. Be2 Rxe2 22. Qxe2 Rxf8 23. f3 Ne5 24. g4 Nd3+ 25. Rxd3 Bxd3 26. Qxd3 Qg5+
27. Kc2 Rd8 28. Qe2 Kg7 29. Ne4 Qe5 30. Qf2 Rh8 31. Nd2 Rh2 32. Qxa7 c5 33. Qa5
Kh6 34. Qd8 f6 35. Qd3 Qf4 36. b3 Rf2 37. a3 Qe5 38. Qc3 Kg5 39. Qxe5+ fxe5 40.
Kd3 Kf4 41. b4 Rxd2+ 42. Kxd2 Kxf3 1/2-1/2

[Event "Ïåðâåíñòâî Ìîñêâû "]
[Site "ÐœÐ¾Ñ�ÐºÐ²Ð°"]
[Date "2017.11.19"]
[Round "9.16"]
[White "Zaitsev, Yuriy"]
[Black "Trofimov, Boris"]
[Result "0-1"]
[WhiteElo "1620"]
[BlackElo "1603"]
[PlyCount "108"]
[EventDate "2017.11.11"]

1. e4 c6 2. d4 d5 3. exd5 cxd5 4. c4 Nf6 5. Nc3 e6 6. Nf3 Be7 7. Bd3 a6 8. O-O
dxc4 9. Bxc4 b5 10. Bd3 Bb7 11. h3 O-O 12. Be3 Nc6 13. Ne5 Rc8 14. Nxc6 Bxc6
15. a3 Nd5 16. Ne2 Bf6 17. Ng3 Nxe3 18. fxe3 Qd5 19. Be4 Qg5 20. Qf3 Bd7 21.
Bb7 Rc7 22. Ne4 Qg6 23. Nxf6+ gxf6 24. Be4 f5 25. Qf4 Rfc8 26. Bd3 Bc6 27. Rf2
Bd5 28. Raf1 Rc1 29. Qd6 Qg5 30. Qe5 f6 31. Qf4 Rxf1+ 32. Bxf1 Qxf4 33. Rxf4
Rc1 34. Rf2 Bc4 35. g3 h5 36. Kg2 Bd5+ 37. Kh2 Re1 38. Bg2 Bxg2 39. Kxg2 Rxe3
40. d5 exd5 41. Rxf5 Re2+ 42. Kf1 Rxb2 43. Rxf6 Ra2 44. Rxa6 b4 45. Ke1 d4 46.
Rd6 b3 47. Rb6 b2 48. Kd1 d3 49. Rb8+ Kf7 50. Rb7+ Ke6 51. Rb3 Ra1+ 52. Kd2
b1=Q 53. Rxb1 Rxb1 54. a4 Ra1 0-1

[Event "Ïåðâåíñòâî Ìîñêâû "]
[Site "ÐœÐ¾Ñ�ÐºÐ²Ð°"]
[Date "2017.11.19"]
[Round "9.17"]
[White "Kalita, Daniil"]
[Black "Zagorskii, Artem"]
[Result "1/2-1/2"]
[WhiteElo "1539"]
[BlackElo "1612"]
[PlyCount "87"]
[EventDate "2017.11.11"]

1. e4 d5 2. exd5 Nf6 3. d4 Nxd5 4. c4 Nb6 5. Nc3 e5 6. dxe5 Qxd1+ 7. Nxd1 Nc6
8. Bf4 Be6 9. Rc1 Bb4+ 10. Nc3 Nxc4 11. Bxc4 Bxc4 12. a3 Be7 13. Nge2 O-O-O 14.
O-O g5 15. Bg3 Rd2 16. Ne4 Rxb2 17. Rxc4 Rxe2 18. f4 gxf4 19. Bxf4 Ra2 20. Bg3
Rf8 21. Rf3 Rxa3 22. Rxa3 Bxa3 23. Nf6 h6 24. Bf4 Rh8 25. Rc3 Bb2 26. Rh3 Bxe5
27. Bxe5 Nxe5 28. Rh5 Nc6 29. g4 Ne7 30. g5 Ng8 31. Ng4 a5 32. gxh6 f5 33. Rxf5
Nxh6 34. Rxa5 Rg8 35. Ra8+ Kd7 36. Rxg8 Nxg8 37. h4 Ke6 38. Kf2 Nf6 39. Ne3 b5
40. Ke2 Ke5 41. Kd3 c5 42. Nc2 Nd5 43. Kd2 Nf4 44. Ke3 {íå ïîíÿòíî} 1/2-1/2

[Event "Ïåðâåíñòâî Ìîñêâû "]
[Site "ÐœÐ¾Ñ�ÐºÐ²Ð°"]
[Date "2017.11.19"]
[Round "9.18"]
[White "Zurabian, Vage"]
[Black "Boger, Juri"]
[Result "1-0"]
[WhiteElo "1596"]
[BlackElo "1641"]
[PlyCount "89"]
[EventDate "2017.11.11"]

1. e4 Nc6 2. Nf3 d5 3. exd5 Qxd5 4. Nc3 Qd8 5. h3 Nf6 6. d4 e6 7. Bf4 Bb4 8. a3
Bxc3+ 9. bxc3 Nd5 10. Bd2 O-O 11. Bd3 h6 12. O-O f5 13. Re1 g5 14. Ne5 Nxe5 15.
Rxe5 Qf6 16. Qf3 c6 17. Rae1 b5 18. c4 bxc4 19. Bxc4 Bd7 20. Bb3 Rfe8 21. c4
Nb6 22. Qh5 Kg7 23. Bc3 Qf7 24. Qf3 Kg6 25. Qd3 Rab8 26. Ba5 h5 27. Bxb6 axb6
28. d5 exd5 29. cxd5 Rxe5 30. Rxe5 Qf6 31. Re1 cxd5 32. Qxd5 Rd8 33. Rd1 b5 34.
Qd6 Be6 35. Qxd8 Bxb3 36. Rd6 Be6 37. Qxf6+ Kxf6 38. Rb6 Ke5 39. Rxb5+ Bd5 40.
f3 g4 41. fxg4 fxg4 42. hxg4 hxg4 43. Kf2 Ke4 44. Rxd5 Kxd5 45. Kg3 1-0

[Event "Ïåðâåíñòâî Ìîñêâû "]
[Site "ÐœÐ¾Ñ�ÐºÐ²Ð°"]
[Date "2017.11.19"]
[Round "9.19"]
[White "Nikulshin, Alexey"]
[Black "Ochirov, Lidzhi"]
[Result "1/2-1/2"]
[WhiteElo "1437"]
[BlackElo "1638"]
[PlyCount "77"]
[EventDate "2017.11.11"]

1. e4 c6 2. d4 d5 3. exd5 cxd5 4. Bd3 Nf6 5. Nf3 Bg4 6. h3 Bh5 7. O-O e6 8. Bg5
Be7 9. Nbd2 O-O 10. c3 Nc6 11. Qc2 Bg6 12. Rfe1 b5 13. Bxg6 hxg6 14. b4 Rc8 15.
Qd3 a5 16. a3 Qb6 17. Nb3 Rc7 18. Nc5 Ra7 19. Qc2 Rfa8 20. Qb2 Ne8 21. Bxe7
Nxe7 22. Ne5 Nd6 23. g3 Nc6 24. Nxc6 Qxc6 25. Nb3 Nc4 26. Qc2 axb4 27. axb4 Ra4
28. Rxa4 bxa4 29. Nd2 Nxd2 30. Qxd2 a3 31. Ra1 Qc4 32. Qc2 a2 33. Qb2 Ra7 34.
Kg2 f6 35. f4 Ra8 36. Kh2 Ra6 37. Kg2 Kf7 38. Kh2 Ra8 39. Kg2 1/2-1/2

[Event "Ïåðâåíñòâî Ìîñêâû "]
[Site "ÐœÐ¾Ñ�ÐºÐ²Ð°"]
[Date "2017.11.19"]
[Round "9.20"]
[White "Gubanov, Timofey"]
[Black "Shekun, Ilya"]
[Result "1/2-1/2"]
[WhiteElo "1538"]
[BlackElo "1194"]
[PlyCount "80"]
[EventDate "2017.11.11"]

1. c4 Nf6 2. Nc3 g6 3. g3 d5 4. cxd5 Nxd5 5. Bg2 c6 6. Nf3 Bg7 7. O-O O-O 8. e4
Nb4 9. d4 Bg4 10. a3 N4a6 11. Be3 Nc7 12. h3 Bxf3 13. Bxf3 Qd7 14. Bg2 Rd8 15.
Ne2 Ne6 16. d5 Nc7 17. Qb3 Nb5 18. Rfd1 Nd6 19. Bd4 Bxd4 20. Rxd4 c5 21. Rd2
Na6 22. Nc3 Rab8 23. Bf1 b5 24. e5 c4 25. Qc2 Ne8 26. Ne4 Qf5 27. Kg2 Qxe5 28.
Rad1 Nd6 29. Nxd6 Qxd6 30. a4 Nb4 31. Qc3 a6 32. b3 cxb3 33. axb5 axb5 34. Qxb3
Na6 35. Rc2 Nb4 36. Rcd2 Na6 37. Rc2 Nb4 38. Rcd2 Na6 39. Rc2 Nb4 40. Rcd2 Na6
1/2-1/2

[Event "Ïåðâåíñòâî Ìîñêâû "]
[Site "ÐœÐ¾Ñ�ÐºÐ²Ð°"]
[Date "2017.11.19"]
[Round "9.21"]
[White "Presnyakov, Oleg"]
[Black "Knjazev, Artem"]
[Result "0-1"]
[WhiteElo "1403"]
[BlackElo "1612"]
[PlyCount "52"]
[EventDate "2017.11.11"]

1. e4 c5 2. Nc3 e6 3. g3 Nc6 4. Bg2 g6 5. d3 Bg7 6. f4 Nge7 7. Nf3 O-O 8. O-O
d5 9. h3 a6 10. Qe1 Re8 11. g4 b5 12. a3 Bb7 13. Nh4 Qd7 14. f5 Bd4+ 15. Kh1
exf5 16. gxf5 dxe4 17. Bxe4 Nxf5 18. Nxf5 gxf5 19. Qg3+ Kh8 20. Rxf5 Rg8 21.
Bg5 f6 22. Bxf6+ Bxf6 23. Qf3 Nd4 24. Rd5 Bxd5 25. Qxf6+ Rg7 26. Qxg7+ Qxg7 0-1

[Event "Ïåðâåíñòâî Ìîñêâû "]
[Site "ÐœÐ¾Ñ�ÐºÐ²Ð°"]
[Date "2017.11.19"]
[Round "9.22"]
[White "Ivanov, Stepan"]
[Black "Akopjan, Gor"]
[Result "1/2-1/2"]
[WhiteElo "1580"]
[BlackElo "1465"]
[PlyCount "63"]
[EventDate "2017.11.11"]

1. d4 Nf6 2. Nf3 e6 3. e3 b6 4. Bd3 Bb7 5. O-O Be7 6. c4 c5 7. Nc3 d5 8. b3 O-O
9. dxc5 dxc4 10. Bxc4 Bxc5 11. Bb2 Nc6 12. a3 Qxd1 13. Rfxd1 Na5 14. Ne5 Nxc4
15. Nxc4 Rfd8 16. Ne2 Ba6 17. Nd4 Bxc4 18. bxc4 Bxd4 19. exd4 Rac8 20. Rac1 h6
21. f3 Rc7 22. Rd2 Rdc8 23. Rdc2 Nd5 24. Kf2 b5 25. c5 Nb6 26. Ke2 Nc4 27. Kd3
e5 28. Rxc4 bxc4+ 29. Kxc4 exd4 30. Bxd4 Rc6 31. Kc3 Ra6 32. Kb3 {íå ïîíÿòíî}
1/2-1/2

[Event "Ïåðâåíñòâî Ìîñêâû "]
[Site "ÐœÐ¾Ñ�ÐºÐ²Ð°"]
[Date "2017.11.19"]
[Round "9.23"]
[White "Khromov, Pavel"]
[Black "Karlov, Egor"]
[Result "1/2-1/2"]
[WhiteElo "1368"]
[BlackElo "1857"]
[PlyCount "68"]
[EventDate "2017.11.11"]

1. e4 e6 2. d4 d5 3. Nc3 Bb4 4. e5 c5 5. a3 Bxc3+ 6. bxc3 Qa5 7. Bd2 Qa4 8. Be3
cxd4 9. cxd4 Nc6 10. Bd3 Nge7 11. Ne2 O-O 12. O-O Na5 13. Nc3 Qc6 14. Nb5 Nc4
15. Bxc4 Qxc4 16. Nd6 Qc6 17. Qd3 b6 18. Rfc1 f6 19. f4 fxe5 20. fxe5 Nf5 21.
Nxf5 Rxf5 22. Rf1 Rxf1+ 23. Rxf1 a5 24. Rb1 Ba6 25. Qb3 Rb8 26. Bd2 Bc4 27. Qb2
Qa4 28. h3 Rb7 29. Kh2 Rb8 30. Kg1 Rb7 31. Kh2 Rb8 32. Kg1 Rb7 33. Kh2 Rb8 34.
Kg1 Rb7 1/2-1/2

[Event "Ïåðâåíñòâî Ìîñêâû "]
[Site "ÐœÐ¾Ñ�ÐºÐ²Ð°"]
[Date "2017.11.19"]
[Round "9.24"]
[White "Kolobov, Dmitriy"]
[Black "Morozov, Fedor"]
[Result "1-0"]
[WhiteElo "1514"]
[BlackElo "1607"]
[PlyCount "49"]
[EventDate "2017.11.11"]

1. d4 e6 2. c4 d5 3. Nc3 Nf6 4. Bg5 Nbd7 5. e3 Bb4 6. Qc2 c5 7. cxd5 exd5 8.
Nge2 cxd4 9. Nxd4 Qa5 10. f3 O-O 11. Bd3 h6 12. Bh4 Re8 13. Bf2 Ne5 14. O-O Nc4
15. Bxc4 dxc4 16. e4 a6 17. Nce2 Qc7 18. Bg3 Qc5 19. Bf2 b5 20. a3 Ba5 21. b4
Bxb4 22. axb4 Qxb4 23. Rfb1 Qe7 24. Nxb5 Bb7 25. Nbc3 {íå ïîíÿòíî} 1-0

[Event "Ïåðâåíñòâî Ìîñêâû "]
[Site "ÐœÐ¾Ñ�ÐºÐ²Ð°"]
[Date "2017.11.19"]
[Round "9.25"]
[White "Sakhin, Leonid"]
[Black "Pavlov, Ivan"]
[Result "1/2-1/2"]
[WhiteElo "1579"]
[BlackElo "1494"]
[PlyCount "52"]
[EventDate "2017.11.11"]

1. e4 c5 2. c3 d5 3. e5 e6 4. d3 Nc6 5. Nf3 Qc7 6. Qe2 Nge7 7. Nbd2 Ng6 8. d4
Qb6 9. Nb3 cxd4 10. cxd4 Bd7 11. Be3 Rc8 12. Rc1 Be7 13. Qd1 a5 14. a4 O-O 15.
Bb5 Rfd8 16. O-O Bb4 17. Bd2 Bxd2 18. Qxd2 Nce7 19. Bxd7 Rxd7 20. Rxc8+ Nxc8
21. Nc5 Rc7 22. Rc1 Rc6 23. Rd1 Rc7 24. Rc1 Rc6 25. Rd1 Rc7 26. Rc1 Rc6 1/2-1/2

[Event "Ïåðâåíñòâî Ìîñêâû "]
[Site "ÐœÐ¾Ñ�ÐºÐ²Ð°"]
[Date "2017.11.19"]
[Round "9.26"]
[White "Kozhevnikov, Aleksandr"]
[Black "Gornostaev, Yakov"]
[Result "1-0"]
[WhiteElo "1315"]
[BlackElo "1570"]
[PlyCount "75"]
[EventDate "2017.11.11"]

1. d4 Nf6 2. c4 e5 3. dxe5 Ng4 4. Nf3 Bc5 5. e3 Nc6 6. Be2 Ngxe5 7. Nxe5 Nxe5
8. O-O O-O 9. Nc3 Re8 10. b3 b6 11. Bb2 Bb7 12. Nd5 Ng6 13. Bd3 Bd6 14. e4 Qh4
15. g3 Qd8 16. f4 Bc5+ 17. Kg2 Ne7 18. Qg4 Ng6 19. h4 c6 20. Nc3 d5 21. h5 Nh8
22. Nxd5 f6 23. Nxf6+ Kf7 24. Nxe8 Kxe8 25. Qxg7 Nf7 26. Rad1 h6 27. Qg8+ Bf8
28. Bg7 Qe7 29. Qxf8+ Qxf8 30. Bxf8 Kxf8 31. Be2 Re8 32. Rd7 Bc8 33. Rxa7 Bg4
34. Bd1 Bxd1 35. Rxd1 Rxe4 36. Rdd7 Nh8 37. Rd8+ Re8 38. Rxe8+ 1-0